000
00250nam a2200097Ia 4500
008
240331s9999 xx 000 0 und d
082
_b
HAN
100
_a
Hesse-Biber,S.N. ed
245
0
_a
Handbook of Feminist research :
_b
theory and practice
942
_c
L
999
_c
4523
_d
4523